000 00611nam a2200205Ia 4500
001 12686
003 GE_BSU
008 181216s||||||||xx |||||||||||||| ||und||
040 _cGE_BSU
080 _a631.931(072)
100 _aПавлов,И.Ф.
245 _aАгротехнические методы защиты растении
245 _cРед.Л.А.Бородкина
260 _aМосква
260 _bРоссельхозиздат
260 _c1967
300 _a177стр.22см.
653 _aАгротехнические методы защиты растении
942 _cBK
999 _c45857
_d45857